[Event "Stuttgart-chB int"]
[Site "Ditzingen"]
[Date "2013.05.10"]
[Round "3"]
[White "Toenjes, Juergen"]
[Black "Wuebbens, Carsten"]
[Result "1/2-1/2"]
[WhiteElo "1689"]
[BlackElo "1516"]
[PlyCount "101"]
[EventDate "2013.05.09"]
[EventType "swiss"]
[EventRounds "7"]
[EventCountry "GER"]
[SourceTitle "EXT 2014"]
[Source "ChessBase"]
[SourceDate "2013.11.20"]
[SourceVersion "1"]
[SourceVersionDate "2013.11.20"]
[SourceQuality "1"]

1. d4 Nf6 2. c4 e6 3. a3 b6 4. Nc3 Be7 5. Nf3 0-0 6. Bg5 Bb7 7. e3 d5 8. cxd5 exd5 9. Bd3 Nbd7 10. 0-0 Ne4 11. Bxe7 Qxe7 12. Rc1 Ndf6 13. Qe2 Rfc8 14. Ba6 Bxa6 15. Qxa6 c6 16. Qe2 Rc7 17. Rc2 Nxc3 18. Rxc3 Rac8 19. Rfc1 Ne4 20. R3c2 f6 21. Nd2 c5 22. Nxe4 dxe4 23. Qc4+ Qf7 24. b4 Qxc4 25. Rxc4 Kf7 26. Kf1 f5 27. Ke2 Ke6 28. dxc5 Kd5 29. Rd4+ Ke5 30. Kd2 bxc5 31. bxc5 Rxc5 32. Rxc5+ Rxc5 33. Rd7 Rd5+ 34. Rxd5+ Kxd5 35. Kc3 Kc5 36. f3 h6 37. h4 exf3 38. gxf3 g5 39. hxg5 hxg5 40. Kd3 g4 41. fxg4 fxg4 42. Ke4 Kc4 43. Kf4 Kd3 44. e4 g3 45. Kxg3 Kxe4 46. Kf2 Kd3 47. Ke1 Kc2 48. a4 a5 49. Ke2 Kb3 50. Kd1 Kxa4 51. Kc1 1/2-1/2